000 00372cam a2200169 4500
001 D12953
008 090401t1962 xxu||||| |||| 00| 0 eng d
035 _a(Sirsi) u6821
041 _aeng
100 _aHiggins, Arthur Lovat
245 _aElementary surveying
260 _bLongmans
_c1962
350 _a0
520 _aShelf 182
942 _n0
948 _c04/03/1997
999 _c86354
_d86354